000
00317nam a22001217a 4500
008
180606b xxu||||| |||| 00| 0 eng d
041
_a
eng
080
_a
043.3
100
_a
0
101
_a
MBE-BA
245
_a
Raportet Financiare ne funksion te vleresimit te performances se kompanise
_c
Halili, L
942
_2
udc
_c
BK
999
_c
46427
_d
46427